|
|
|
|
| LEADER |
00829nab a2200217 i 4500 |
| 001 |
acta34848 |
| 005 |
20260305132903.0 |
| 008 |
161017s2014 hu o 000 eng d |
| 022 |
|
|
|a 0001-6969
|
| 024 |
7 |
|
|a http://dx.doi.org/10.14232/actasm-012-327-3
|2 doi
|
| 040 |
|
|
|a SZTE Egyetemi Kiadványok Repozitórium
|b hun
|
| 041 |
|
|
|a eng
|
| 100 |
1 |
|
|a Koshimizu Hironao
|
| 245 |
1 |
0 |
|a Linear isometries on spaces consisting of absolutely continuous functions
|h [elektronikus dokumentum] /
|c Koshimizu Hironao
|
| 260 |
|
|
|a Bolyai Institute, University of Szeged
|b Szeged
|c 2014
|
| 300 |
|
|
|a 581-591
|
| 490 |
0 |
|
|a Acta scientiarum mathematicarum
|v 80 No. 3-4
|
| 650 |
|
4 |
|a Természettudományok
|
| 650 |
|
4 |
|a Matematika
|
| 695 |
|
|
|a Matematika
|
| 856 |
4 |
0 |
|u http://acta.bibl.u-szeged.hu/34848/1/math_080_numb_003_004_581-591.pdf
|z Dokumentum-elérés
|